000
00284nam a2200121Ia 4500
008
191201s2014 xx 000 0 und d
100
_a
GIRI, N K
245
0
_a
Automobile Mechanics
260
_a
N. Delhi
_b
Khanna Pub
_c
2014
300
_a
1015
650
_a
B.Tech(ME)
942
_2
ddc
_c
BK
999
_c
6107
_d
6107